MARC
|
|
|
|
| LEADER |
00000nam0a2200000 4500 |
| 001 |
365363 |
| 005 |
20231102011758.0 |
| 035 |
|
|
|a (RuTPU)RU\TPU\retro\22726
|
| 090 |
|
|
|a 365363
|
| 100 |
|
|
|a 20211227d1981 m y0rusy50 ca
|
| 101 |
0 |
|
|a rus
|
| 102 |
|
|
|a RU
|
| 105 |
|
|
|a a z 001zy
|
| 200 |
1 |
|
|a Электроника в самоделках
|f Б. С. Иванов
|
| 205 |
|
|
|a 2-е изд., перераб. и доп.
|
| 210 |
|
|
|a Москва
|c Изд-во ДОСААФ СССР
|d 1981
|
| 215 |
|
|
|a 240 с.
|c ил.
|
| 320 |
|
|
|a Библиогр.: с. 237-238
|
| 606 |
1 |
|
|a Радиоэлектронная аппаратура
|x Схемы
|2 stltpush
|3 (RuTPU)RU\TPU\subj\67868
|9 83515
|
| 610 |
1 |
|
|a самодельная радиоаппаратура
|
| 610 |
1 |
|
|a измерительные приборы
|
| 610 |
1 |
|
|a усилители
|
| 610 |
1 |
|
|a радиоприемники
|
| 610 |
1 |
|
|a электронные музыкальные инструменты
|
| 610 |
1 |
|
|a цветомузыка
|
| 610 |
1 |
|
|a электроника
|
| 610 |
1 |
|
|a бытовые приборы
|
| 675 |
|
|
|a 621.396.6
|v 4
|
| 700 |
|
1 |
|a Иванов
|b Б. С.
|g Борис Сергеевич
|
| 801 |
|
1 |
|a RU
|b 63413507
|c 20211227
|
| 942 |
|
|
|c BK
|